[Event "Chihuahua Bionext op"]
[Site "Chihuahua City"]
[Date "2019.11.29"]
[Round "3"]
[White "Gomez, Zuniga David Fernan"]
[Black "Cuenca Jimenez, Jose Fernando"]
[Result "0-1"]
[WhiteElo "2078"]
[BlackElo "2523"]
[PlyCount "82"]
[EventDate "2019.11.28"]
[EventType "swiss"]
[EventRounds "7"]
[EventCountry "MEX"]
[SourceTitle "CBM 193 Extra"]
[Source "ChessBase"]
[SourceDate "2020.01.31"]
[SourceVersion "1"]
[SourceVersionDate "2020.01.31"]
[SourceQuality "1"]

1. d4 Nf6 2. c4 g6 3. Nf3 Bg7 4. g3 0-0 5. Bg2 d6 6. Nc3 Nc6 7. 0-0 a6 8. Qd3 Nd7 9. Be3 e5 10. d5 Ne7 11. Bd2 f5 12. e4 Nc5 13. Qc2 a5 14. Be3 b6 15. a3 fxe4 16. Ng5 Nf5 17. Ngxe4 Nd4 18. Qd1 Ncb3 19. Bxd4 Nxd4 20. Nb5 Bf5 21. Nxd4 exd4 22. Qd3 a4 23. Rae1 Qd7 24. h3 g5 25. g4 Bg6 26. Qd2 h6 27. Ng3 Rae8 28. Be4 Bxe4 29. Rxe4 Rxe4 30. Nxe4 Be5 31. Qd3 Qf7 32. Ng3 Bxg3 33. fxg3 Qxf1+ 34. Qxf1 Rxf1+ 35. Kxf1 Kf7 36. Ke2 Kf6 37. Kd3 Ke5 38. h4 b5 39. cxb5 Kxd5 40. b3 axb3 41. a4 Ke5 0-1